000 00444nam a2200181Ia 4500
001 9048
005 20260306160655.0
008 260306t2003||||xx |||||||||||||| ||spa||
041 _aESP
082 _a372.4
_bT48 T. 1
100 _aThoumi, Samira
_eAUT
245 0 _aTécnicas de la motivación infantil:
_b0 a 2 años
260 _c2003
300 _a120 páginas :
_c29 cm.
650 _aGEN
654 _aCED
942 _cLIB
_dJUS
_fJUS
_2ddc
_n
999 _c9048
_d9048